Hannover 96 alle Torschützen 22/23 - Statistiken

Allgemein
  • Dieses Quiz wurde 59 mal gespielt
  • Das Durchschnittsergebnis liegt bei 8 aus 13
Antwortstatistiken
Hint Antwort % Korrekt
14 Teuchert
90%
8 Nielsen
82%
5 Köhn
80%
8 Beier
76%
1 Neumann
74%
1 Börner
70%
3 Muroya
68%
5 Schaub
62%
2 Weydandt
56%
1 Besuschkow
48%
1 Foti
46%
1 Kerk
36%
1 Krajnc
36%
Keine übereinstimmenden Quizze gefunden
Verteilung der Resultate
Anzahl Personen mit jedem Resultat
Perzentil nach korrekt beantworteten Fragen
Ihre Resultats-Entwicklung
Sie haben dieses Quiz noch nicht gespielt